A Modern Course in Aeroelasticity (Record no. 225995)
[ view plain ]
| 000 -LEADER | |
|---|---|
| fixed length control field | 00684nam a2200145Ia 4500 |
| 008 - FIXED-LENGTH DATA ELEMENTS--GENERAL INFORMATION | |
| fixed length control field | 231221s9999 xx 000 0 und d |
| 020 ## - INTERNATIONAL STANDARD BOOK NUMBER | |
| International Standard Book Number | 978-1-4020-2106-0 |
| 041 ## - LANGUAGE CODE | |
| Language code of text/sound track or separate title | English |
| 100 ## - MAIN ENTRY--PERSONAL NAME | |
| Personal name | Robert Clark, David Cox, H. C. Curtiss, John W. Edwards, Kenneth C. Hall, David A. Peters, Robert Scanlan, Emil Simiu, Fernando Sisto, Thomas W. Strganac |
| 245 #2 - TITLE STATEMENT | |
| Title | A Modern Course in Aeroelasticity |
| 260 ## - PUBLICATION, DISTRIBUTION, ETC. | |
| Date of publication, distribution, etc. | 2005 |
| Name of publisher, distributor, etc. | Springer Netherlands |
| Place of publication, distribution, etc. | New York |
| 440 ## - SERIES STATEMENT/ADDED ENTRY--TITLE | |
| Title | Solid Mechanics and Its Applications |
| 650 ## - SUBJECT ADDED ENTRY--TOPICAL TERM | |
| Topical term or geographic name entry element | Vibration, Dynamical Systems, Control; Automotive Engineering; Mechanical Engineering; Civil Engineering; Mathematical Modeling and Industrial Mathematics |
| 942 ## - ADDED ENTRY ELEMENTS (KOHA) | |
| Koha item type | E-Books |
| Date last seen | Total checkouts | Accession number | Volume/Issue Number | Uniform resource identifier | Price effective from | Category | Lost status | Damaged status | Department | Withdrawn status | Home library | Current library | Shelving location | Entry date | Billnumber | Currency symbol | Conversion rate | Discount | Old discount |
|---|---|---|---|---|---|---|---|---|---|---|---|---|---|---|---|---|---|---|---|
| 26/01/2024 | EB8415 | 116 | http://link.springer.com/openurl?genre=book&isbn=978-1-4020-2039-1 | 26/01/2024 | E-Books | Central Library | Central Library | Central Library | Central Library | 19066 | RS | 1 |
